La alegoría y la migración de los símbolos

Saved in:
Bibliographic Details
Main Author: Wittkower, Rudolf (Author)
Format: Book
Language:Spanish
Published: Madrid Siruela 2006
Series:Biblioteca de Ensayo, 53
Subjects:
Tags: Add Tag
No Tags, Be the first to tag this record!

MARC

LEADER 00000cam a2200000 a 4500
001 UCG7675
003 CL-VaPUC
008 110905e20060000SP |||||||||||||||||spa|d
020 |a 9788498410099 
082 0 4 |a 753.6  |b WIT  |2 21 
100 0 |a Wittkower, Rudolf  |e author  |9 558166 
245 1 3 |a La alegoría y la migración de los símbolos 
300 |a 349 p 
942 |c BK 
945 |d 20110905 00:00:00  |a dcastane 
260 |a Madrid  |b Siruela  |c 2006 
650 0 |a Simbolismo en el arte  |9 265074 
583 |a last modification  |c 20140227 03:23:16  |k Rodrigo Vera 
490 0 |a Biblioteca de Ensayo, 53 
999 |c 345459  |d 345457 
952 |0 0  |1 0  |4 0  |6 753_600000000000000_WIT_2006  |7 0  |8 A  |9 444191  |a BIBHIS  |b BIBHIS  |d 2019-11-22  |i 4789059  |o 753.6 WIT 2006  |p 4789059  |r 2025-01-20  |w 2019-11-22  |y BK  |k HIS 
952 |0 0  |1 0  |3 erb  |4 0  |6 753_600000000000000_WIT_2006  |7 0  |8 A  |9 444193  |a BIBART  |b BIBART  |i 5057434  |o 753.6 WIT 2006  |p 5057434  |r 2025-03-13  |w 2019-11-22  |y BK  |z Catalogado en:20140227  |k ART